000
00323nam a2200133Ia 4500
008
240624s9999 xx 000 0 und d
041
_a
eng
082
_a
174.4 THO
100
_a
THOMAS ROSAMUND M
245
_a
BUSINESS ETHICS
260
_c
2013
_a
Noida
_b
eVookz
300
_a
xvii, : 300 : p. : cm. ; 24
365
_c
RS
_b
25
999
_c
23176
_d
23176